Introducción a la Teología Evangélica.
Saved in:
| Main Author: | |
|---|---|
| Format: | Unknown |
| Language: | English |
| Published: |
Salamanca, España:
Ediciones Sígueme,
2021.
|
| Edition: | Segunda edición. |
| Series: | Verdad e imagen,
|
| Subjects: | |
| Tags: |
Add Tag
No Tags, Be the first to tag this record!
|
MARC
| LEADER | 00000 a2200000 4500 | ||
|---|---|---|---|
| 003 | CL-VaPUC | ||
| 005 | 20231123121330.0 | ||
| 008 | 231115t2021 ||||| |||| 00| 0 eng d | ||
| 999 | |c 442410 |d 442408 | ||
| 020 | |a 978-84-301-2112-0 | ||
| 040 | |c Pontificia Universidad Católica de Valparaíso | ||
| 082 | |2 22 |a 230.04624 BAR 2021 | ||
| 100 | |a Barth, Karl |9 347854 |e autor | ||
| 245 | |a Introducción a la Teología Evangélica. | ||
| 250 | |a Segunda edición. | ||
| 260 | |a Salamanca, España: |b Ediciones Sígueme, |c 2021. | ||
| 300 | |a 238 páginas. | ||
| 490 | |a Verdad e imagen, |n 166. | ||
| 583 | |k GC |c 20231115 | ||
| 600 | 0 | |9 347854 |a Barth, Karl |x Teólogo suizo |x Pensamiento sobre Dios | |
| 650 | 0 | |9 258766 |a Teología |x Evangelio |x Nuevo testamento |v Estudio e interpretación | |
| 650 | 0 | |9 258766 |a Teología |x Reformas protestantes |v Iglesias reformadas | |
| 942 | |2 ddc |c BK | ||
| 952 | |0 0 |1 0 |2 ddc |4 0 |6 230_046240000000000_BAR_2021 |7 0 |8 A |9 592410 |a BIBTEO |b BIBTEO |c GEN |d 2023-11-10 |e 8 |g 20300.00 |i 5659436 |l 1 |o 230.04624 BAR 2021 |p 5659436 |q 2025-06-09 |r 2025-05-09 |s 2025-05-09 |t 1 |v 20300.00 |w 2023-11-10 |y BK |k ICR | ||